Countries with the Least Valuable Currencies - Statistics

General Stats
  • This quiz has been taken 18 times
  • The average score is 4 of 15
Answer Stats
Value in USD Currency % Correct
1USD=42,105 Iranian Rial
63%
1USD=3,833.01 Colombian Peso
38%
1USD=14,697.50 Indonesian Rupiah
38%
1USD=10,291.68 Uzbekistan Som
38%
1USD=23,175 Vietnamese Dong
38%
1USD=4,101.44 Cambodian Riel
31%
1USD=9,109.49 Laotian Kip
31%
1USD=3.835.47 Malagasy Ariary
25%
1USD=9,762.50 Sierra Leonean Leone
19%
1USD=6,989.35 Paraguayan Guarani
13%
1USD=21,425.62 Sao Tome and Principe Dobra
13%
1USD=3,686.64 Ugandan Shilling
13%
1USD=1,898.37 Burundian Franc
0%
1USD=9,666.80 Guinean Franc
0%
1USD=2,315.70 Tanzanian Shilling
0%
No matching quizzes found
Score Distribution
Percent of People with Each Score
Percentile by Number Answered
Your Score History
You have not taken this quiz